The Most Populated of U.S.A (Top 30) Quiz Stats

 Plays Quiz not verified by Sporcle

Support Sporcle.
Go Orange.
Score 0/30 Timer 10:00
0 Plays Today
% Correct
New York City
100%
Chicago
100%
Philadelphia
100%
Phoenix
100%
Los Angeles
98.4%
Indianapolis
98.4%
Jacksonville
96.8%
Detroit
96.8%
Boston
96.8%
Denver
96.8%
Baltimore
96.8%
Washington
96.8%
Portland
96.8%
Oklahoma City
96.8%
Columbus
95.2%
% Correct
Charlotte
95.2%
Nashville
95.2%
Milwaukee
93.7%
Louisville
92.1%
Seattle
90.5%
San Francisco
87.3%
Houston
84.1%
Memphis
79.4%
San Diego
69.8%
Dallas
52.4%
El Paso
52.4%
Austin
50.8%
San Jose
46%
Fort Worth
36.5%
San Antonio
25.4%

You're not logged in!

Compare scores with friends on all Sporcle quizzes.
OR
Log In

From the Vault

5 Answers to 1: Television

by mister_pianoman

All the answers are right there inside your TV. Go ahead and crack it open.
Remove Ads.
Support Sporcle.
Get the best of Sporcle when you Go Orange. This ad-free experience offers more features, more stats, and more fun while also helping to support Sporcle. Thank you for becoming a member.

Show Comments

Extras

Top Quizzes Today


Score Distribution

Your Account Isn't Verified!

In order to create a playlist on Sporcle, you need to verify the email address you used during registration. Go to your Sporcle Settings to finish the process.

Report this User

Report this user for behavior that violates our Community Guidelines.

Details: